000 00209nam a22000857a 4500
008 160630b xxu||||| |||| 00| 0 eng d
100 _91615
_a Dreamland Publication
245 _aRapunzel
260 _aN.D
_bM/S Arya
999 _c1339
_d1339